| 000 | 00683nam a2200277Ia 4500 | ||
|---|---|---|---|
| 005 | 20260324111349.0 | ||
| 008 | 008 260324s9999 xx 000 0 eng d | ||
| 020 | _a9781003541882 | ||
| 037 | _aEBOOK | ||
| 040 | _aCRL | ||
| 040 | _beng | ||
| 040 | _cCRL | ||
| 041 | _2eng | ||
| 041 | _aeng | ||
| 084 | _qCRL | ||
| 100 |
_aGilad Padva; Yair Koren-Maimon _91138251 |
||
| 245 | 0 | _aPersonified Body Parts in Cinema, Literature, and Visual Culture | |
| 260 | _bTaylor and Francis | ||
| 260 | _c2025 | ||
| 365 | _a | ||
| 365 | _b230 | ||
| 856 | _uhttp://www.taylorfrancis.com/books/9781003541882 | ||
| 942 | _cEBOOK | ||
| 999 |
_c1727050 _d1727050 |
||